| 000 -LEADER |
| fixed length control field |
00910nam a2200241 a 4500 |
| 001 - CONTROL NUMBER |
| control field |
4899 |
| 003 - CONTROL NUMBER IDENTIFIER |
| control field |
BD-DhUAP |
| 005 - DATE AND TIME OF LATEST TRANSACTION |
| control field |
20210109120759.0 |
| 008 - FIXED-LENGTH DATA ELEMENTS--GENERAL INFORMATION |
| fixed length control field |
210109s1996 bg b 001 0 eng d |
| 040 ## - CATALOGING SOURCE |
| Original cataloging agency |
DLC |
| Transcribing agency |
OClU |
| Modifying agency |
OCoLC |
| -- |
Uk |
| -- |
BD-DhUAP |
| Language of cataloging |
Eng |
| 082 00 - DEWEY DECIMAL CLASSIFICATION NUMBER |
| Classification number |
382.17095492 NAT |
| Edition number |
23 |
| 100 ## - MAIN ENTRY--PERSONAL NAME |
| Personal name |
Nath, Narayan Chandra. |
| 245 ## - TITLE STATEMENT |
| Title |
Balance of payment constraint on growth and external competitiveness of Bangladesh economy / |
| Statement of responsibility, etc. |
Narayan Chandra Nath. |
| 260 ## - PUBLICATION, DISTRIBUTION, ETC. |
| Place of publication, distribution, etc. |
Dhaka, Bangladesh : |
| Name of publisher, distributor, etc. |
Bangladesh Institute of Development Studies, |
| Date of publication, distribution, etc. |
c1996. |
| 300 ## - PHYSICAL DESCRIPTION |
| Extent |
iii, 40 pages : |
| Other physical details |
illustrations ; |
| Dimensions |
26 cm. |
| 490 ## - SERIES STATEMENT |
| Series statement |
Research report (Bangladesh Institute of Development Studies) ; |
| Volume/sequential designation |
148. |
| 650 ## - SUBJECT ADDED ENTRY--TOPICAL TERM |
| Topical term or geographic name entry element |
Balance of payments |
| Geographic subdivision |
Bangladesh. |
| 650 ## - SUBJECT ADDED ENTRY--TOPICAL TERM |
| Topical term or geographic name entry element |
Economic conditions. |
| 710 ## - ADDED ENTRY--CORPORATE NAME |
| Corporate name or jurisdiction name as entry element |
Bangladesh Institute of Development Studies. |
| 942 00 - ADDED ENTRY ELEMENTS (KOHA) |
| Source of classification or shelving scheme |
|
| Koha item type |
Book |